| 000 | 00343nam a22001337a 4500 | ||
|---|---|---|---|
| 020 | _a9788120322820 | ||
| 040 | _cNust | ||
| 082 |
_a629.83 _bSIN |
||
| 100 |
_aSingh, K.S _9123376 |
||
| 245 | _aComputer-Aided Process Control | ||
| 260 |
_aIndia: _bAsoke K. Ghosh, _c2005. |
||
| 650 |
_aComputer-Aided Process Control _979452 |
||
| 942 |
_2ddc _cBK |
||
| 999 |
_c609588 _d609588 |
||